000 00672nam a2200181Ia 4500
008 151202s9999||||xx |||||||||||||| ||und||
082 _bPNVM-44987
100 _aपाटील वसुधा.
245 _aदीपगृह आणि समुद्रपक्षी.
260 _b"पॉप्युलर प्रकाशन ,मुंबई-."
260 _c2003
300 _a139
600 _aपाटील वसुधा.
630 _aदीपगृह आणि समुद्रपक्षी.
700 _aपाटील वसुधा.
730 _aदीपगृह आणि समुद्रपक्षी.
942 _cBOOK
999 _c1310939
_d1310936